| 000 | 00966nam a22002057a 4500 | ||
|---|---|---|---|
| 005 | 20240712125044.0 | ||
| 010 | _aHIN-127894 | ||
| 020 |
_c295.00 _a9788191033038 |
||
| 035 | _aHN-100240 | ||
| 037 | _bDBAD | ||
| 082 | _aउ | ||
| 100 |
_aदास, गोविंद _968427 |
||
| 245 |
_aअमावस्या का चाँद/ _cगोविंद दास; दिनेश कुमार माली द्वारा अनुवादित |
||
| 250 | _aप्रथम | ||
| 260 |
_aदिल्ली _bविज़ुअल पब्लिशर्स एंड डिस्ट्रीब्यूटरर्स _c2021 |
||
| 270 |
_a1/10825 गली नं. 3, सुभाष पार्क, नवीन शाहदरा, _bदिल्ली _e110032 |
||
| 300 |
_a108पृ. _c22 सेमी. (सजिल्द) |
||
| 700 |
_aमाली, दिनेश कुमार _967998 |
||
| 942 |
_2ddc _cHN _hउ _mदासगो |
||
| 999 |
_c203868 _d203868 |
||